000 00689nam a22002177a 4500
005 20161206112132.0
010 _aENG-116274
020 _a9788120351165
_c250.00
035 _aEN-99806
037 _bDBAD/PUB
082 _a006.312
245 _aBig data analytics /
_cedited by Parag Kulkarni, Sarang Joshi [and] Meta S. Brown
260 _aDelhi
_bPHI Learning
_c2016
270 _a111,Patparganj Industrial Eatate
_bDelhi
_e110092
300 _axii,189p. :
_bill
_c24cm(pbk)
500 _aIncludes bibliographical references and index
700 _aKulkarni,Parag
700 _a Joshi,Sarang
700 _aBrown, Meta S.
942 _2ddc
_cEN
_h006.312
_mKUL
999 _c104134
_d104134